| 000 | 01416nam a2200325 c 4500 | ||
|---|---|---|---|
| 003 | BLK | ||
| 005 | 20250317125025.0 | ||
| 008 | 180409b bul|||||r ||||||| ||bul|| | ||
| 010 | _aKNG00119032000 | ||
| 020 |
_a978-954-409-291-7 _bиздат.: Плеяда |
||
| 040 | _aBLK | ||
| 041 |
_aBUL _cBUL |
||
| 080 |
_aРуска литература _b821.161.1 _x-31 _z821.161.1-31 |
||
| 100 | 1 |
_aМалков, Семьон Наумович _eпърви автор _9299431 |
|
| 700 | 1 |
_aЧолаков, Любомир _eпрев. от рус. _9366573 |
|
| 139 |
_aМалков, Семьон Наумович _bМ 23 |
||
| 245 | 1 | 0 |
_aДве съдби - Последно изкушение _bРоман _cСемьон Наумович Малков; прев. от рус. Любомир Чолаков. |
| 257 | _aRUS | ||
| 260 |
_аСофия _bПлеяда _c2009 _fСофия : Петекстон |
||
| 300 |
_a344 с. _c20 см |
||
| 380 | _aX | ||
| 500 | _aОриг. загл. Две судьбы. Последнее искушение. Эпилог / Семен Мальков. - Офс. изд. Кн. 7 от сагата Две съдби. | ||
| 653 | _aромани | ||
| 852 | _aЦб 240523 | ||
| 856 | 4 |
_qpdf _u |
|
| 856 | 4 |
_qpdf _u |
|
| 942 |
_cKNG _n0 _018 |
||
| 944 |
_aCR _c12.08.2009 _lВиолета Тройчева _k30552 |
||
| 944 |
_aED _c20.06.2017 _lф / _kЛюдмила_Стоянова |
||
| 999 |
_c113616 _d113616 |
||